Teoría de conjunto
Na minha lista:
| Formato: | Livro |
|---|---|
| Idioma: | Undetermined |
| Publicado em: |
Barcelona, España
Seix Barral, 1971
1971
|
| Assuntos: | |
| Tags: |
Adicionar Tag
Sem tags, seja o primeiro a adicionar uma tag!
|
MARC
| LEADER | 00000nam a2200000Ia 4500 | ||
|---|---|---|---|
| 008 | 170316s9999 xx 000 0 und d | ||
| 090 | |a 801 T-4t | ||
| 245 | |a Teoría de conjunto | ||
| 260 | |a Barcelona, España | ||
| 260 | |b Seix Barral, 1971 | ||
| 260 | |c 1971 | ||
| 300 | |a 363 páginas | ||
| 650 | |a TEORÍA LITERARIA | ||
| 999 | |c 20706 |d 20706 | ||
| 040 | |a cru BVZT | ||
| 942 | |c 15 D |h 801 T-4t |2 z | ||
